LEADER 01492aam 2200421I 450 001 9910711195503321 005 20151030113008.0 024 8 $aGOVPUB-C13-f3e98e871754ca20773ff012911f8b9b 035 $a(CKB)5470000002480052 035 $a(OCoLC)927169785 035 $a(EXLCZ)995470000002480052 100 $a20151030d1985 ua 0 101 0 $aeng 181 $2rdacontent 182 $2rdamedia 183 $2rdacarrier 200 10$aTechnology assessment $emethods for measuring the level of computer security /$fWilliam Neugent, John Gilligan, Lance Hoffman, Zella G. Ruthberg 210 1$aGaithersburg, MD :$cU.S. Dept. of Commerce, National Institute of Standards and Technology,$d1985. 215 $a1 online resource 225 1 $aNBS special publication ;$v500-133 300 $a1985. 300 $aContributed record: Metadata reviewed, not verified. Some fields updated by batch processes. 300 $aTitle from PDF title page. 320 $aIncludes bibliographical references. 517 $aTechnology assessment 700 $aNeugent$b William$01397275 701 $aGilligan$b John$01397276 701 $aHoffman$b Lance$01397277 701 $aNeugent$b William$01397275 701 $aRuthberg$b Zella G$01388838 712 02$aUnited States.$bNational Bureau of Standards. 801 0$bNBS 801 1$bNBS 801 2$bGPO 906 $aBOOK 912 $a9910711195503321 996 $aTechnology assessment$93458724 997 $aUNINA LEADER 01626nas 2200409 n 450 001 990008906980403321 005 20240229084252.0 011 $a0342-734X 035 $a000890698 035 $aFED01000890698 035 $a(Aleph)000890698FED01 035 $a000890698 091 $2CNR$aP 00095052 100 $a20161109a19719999km-y0itaa50------ba 101 0 $ager 102 $aDE 110 $aauu-------- 200 1 $aArchäologisches Korrespondenzblatt$eUrgeschichte, Römerzeit, Frühmittelalter 207 1$a1971- 210 $aMainz am Rhein$cVerlag des Rom.-German. Zentralmuseums 530 0 $aArchäologisches Korrespondenzblatt 675 $a930 675 $a902 675 $a904 675 $aa571 675 $aa930 712 02$aRömisch-Germanisches Zentralmuseum, Magonza 801 0$aIT$bACNP$c20090723 859 4 $uhttp://acnp.cib.unibo.it/cgi-ser/start/it/cnr/dc-p1.tcl?catno=63520&person=false&language=ITALIANO&libr=&libr_th=unina1$zBiblioteche che possiedono il periodico 901 $aSE 912 $a990008906980403321 958 $aBRAU. Biblioteca di Ricerca di Area Umanistica$b1971-1975;1981-$c1971;1975;$eGERMANIA 23$fFLFBC 959 $aFLFBC 996 $aArchäologisches Korrespondenzblatt$9800433 997 $aUNINA AP1 8 $6866-01$aNA072 BRAU. Biblioteca di Ricerca di Area Umanistica$bGERMANIA 23$ePiazza Bellini 56/60, 80133 Napoli (NA)$m(081) 2533948$nit AP2 40$aacnp.cib.unibo.it$nACNP Italian Union Catalogue of Serials$uhttp://acnp.cib.unibo.it/cgi-ser/start/it/cnr/df-p.tcl?catno=63520&language=ITALIANO&libr=&person=&B=1&libr_th=unina&proposto=NO LEADER 02002nam 2200541 450 001 9910807099503321 005 20200520144314.0 010 $a3-11-055075-X 010 $a3-11-055053-9 024 7 $a10.1515/9783110550535 035 $a(CKB)4340000000194636 035 $a(DE-B1597)482637 035 $a(OCoLC)1002252703 035 $a(DE-B1597)9783110550535 035 $a(Au-PeEL)EBL4947072 035 $a(CaPaEBR)ebr11423814 035 $a(OCoLC)1001372305 035 $a(CaSebORM)9783110550757 035 $a(MiAaPQ)EBC4947072 035 $a(EXLCZ)994340000000194636 100 $a20170905h20172017 uy 0 101 0 $ager 135 $aurcnu|||||||| 181 $2rdacontent 182 $2rdamedia 183 $2rdacarrier 200 10$aEntwicklungen und Megatrends der Immobilienwirtschaft /$fGu?nter Vornholz 205 $a3., grundlegend u?berarbeitete und aktualisierte Auflage. 210 1$aBerlin, [Germany] ;$aBoston, [Massachusetts] :$cDe Gruyter Oldenbourg,$d2017. 210 4$d©2017 215 $a1 online resource (238 pages) 225 1 $aDe Gruyter Studium 311 $a3-11-055046-6 320 $aIncludes bibliographical references and index. 327 $tFrontmatter -- $tVorwort -- $tInhaltsverzeichnis -- $tAbkürzungsverzeichnis -- $t1. Einleitung -- $t2. Immobilienwirtschaft und -märkte - Definitionen und Abgrenzungen -- $t3. Entwicklung der Immobilienwirtschaft und -märkte -- $t4. Zukunft der Immobilienwirtschaft und - märkte - Megatrends -- $tLiteratur -- $tIndex 410 0$aDe Gruyter Studium. 606 $aReal estate business$xLaw and legislation 615 0$aReal estate business$xLaw and legislation. 676 $a340.943 686 $aQT 360$2rvk 700 $aVornholz$b Gu?nter$01117050 801 0$bMiAaPQ 801 1$bMiAaPQ 801 2$bMiAaPQ 906 $aBOOK 912 $a9910807099503321 996 $aEntwicklungen und Megatrends der Immobilienwirtschaft$94116354 997 $aUNINA